=LDR 00000nam 2200000 4500 =001 INLIS000000000014235 =005 20130612105520 =008 ***********************************Ind** =035 ##$$0010-061300000014235 =041 ##$$a Ind =082 ##$$a R. 348.02 =090 ##$$a R. 348.02, Nan h =100 ##$$a Naning, Ramdlon =245 ##$$a Himpunan perangkat peraturan perundang - undangan pelaksana KUHAP, Ramdlon Naning, Sh =260 ##$$a 1984 $b Yogyakarta =300 ##$$a V111, 272, 21 cm =650 ##$$a indonesia undang - undangan =850 ##$$a NBPNMAT